00419nam a2200145Ia 4500100001900000942000700019654001300026245004700039260003600086082001300122300000800135546001200143999001700155952010100172 aEliens/ Anton  cBK aComputer aPrinciples of Object Oriented Software bADDISON WESLEYaWokinghamc1995 a5.1bELI a513 aENGLISH c25285d25285 001040708CRCaCRCEbCRCEc1521 | 32d2023-03-17l0o5.1 ELIp9299r2023-03-17w2023-03-17yBK